000 00767nam a22002057a 4500
005 20251108164334.0
008 250721s2009 xx 000 0 ara d
082 1 4 _a576/مشن
100 1 _aالمشني، يوسف
_eمؤلف
245 1 0 _aعلم الأحياء الدقيقة (البكتيريا و الطفيليات) : الجزء الثاني الطبي و التشخيصي /
250 _aط.4.مزيدة و منقحة
264 1 _aعمان :
_bالمكتب الإسلامي،
_c2009.
300 _a536 ص.
650 1 7 _aعلم الاحياا الدقيقه
650 1 7 _aعلم احياا الكاانات الدقيقه التشخيصي
650 1 7 _aعلم الطفيليات
650 1 7 _aعلوم الحياه
942 _2ddc
_cBK
999 _c9699
_d9699